| 000 | 00734nam a22002297a 4500 | ||
|---|---|---|---|
| 005 | 20251108164100.0 | ||
| 008 | 250721s1968 xx 000 0 ara d | ||
| 082 | 1 | 4 | _a791.4309/ساد |
| 100 | 1 | _aسادول، جورج | |
| 245 | 1 | 0 | _aتاريخ السينما في العالم / |
| 264 | 1 |
_aبيروت : _bمنشورات البحر المتوسط، _c1968. |
|
| 300 | _a590ص. | ||
| 650 | 1 | 7 | _aالسينما |
| 650 | 1 | 7 | _aالأعمال السينمائية |
| 650 | 1 | 7 | _aمهرجانات الأفلام |
| 650 | 1 | 7 | _aموسيقى الأفلام |
| 650 | 1 | 7 | _aالتاريخ |
| 700 | 1 |
_aالكيلاني، إبراهيم _eترجمة |
|
| 700 | 1 |
_aنقشكم، فايز _eترجمة |
|
| 942 |
_2ddc _cBK |
||
| 999 |
_c3132 _d3132 |
||